Stikhotvorenii︠a︡ /

Bibliographic Details
Main Author: Delʹvig, A. A. (Anton Antonovich), baron, 1798-1831
Format: Book
Language:Russian
Published: Leningrad : [Sovetskiĭ pisatelʹ], 1951.
Series:Biblioteka poėta. Malai͡a serii͡a.

MARC

Tag First Indicator Second Indicator Subfields
LEADER 00000cam a2200000I 4500
001 in00001608921
005 20151023050745.0
008 800919s1951 ru a 000 0 rus
010 |a  52044684  
035 |a (OCoLC)ocm06730231 
040 |a DLC  |c FHM  |d FHM  |d TXA  |d UtOrBLW 
049 |a TXAM 
050 0 0 |a PG3321.D4  |b A17 1951 
100 1 |a Delʹvig, A. A.  |q (Anton Antonovich),  |c baron,  |d 1798-1831. 
245 1 0 |a Stikhotvorenii︠a︡ /  |c [Vstup. statʹi︠a︡, podgotovka teksta i primechanii︠a︡ L. Plotkina]. 
264 1 |a Leningrad :  |b [Sovetskiĭ pisatelʹ],  |c 1951. 
300 |a 280 pages :  |b illustrations ;  |c 13 cm. 
336 |a text  |b txt  |2 rdacontent 
337 |a unmediated  |b n  |2 rdamedia 
338 |a volume  |b nc  |2 rdacarrier 
490 1 |a Biblioteka poėta. Malai︠a︡ serii︠a︡ 
500 |a "Vtoroe izdanie" (2. edition of series?). 
500 |a In Cyrillic characters. 
536 |a Donated through the generosity of Professor Frank Friedeberg Seeley August 2000. 
830 0 |a Biblioteka poėta.  |p Malai͡a serii͡a. 
994 |a E0  |b TXA 
948 |a cataloged  |b h  |c 2001/4/6  |d c  |e tchubaryan  |f 10:22:32 am 
999 |a MARS 
999 f f |s 23394413-4947-3bd6-87bd-bdced0474ed9  |i 12211280-85e1-37ca-bb69-4a5eaec7108a  |t 0 
952 f f |p ric  |a Texas A&M University  |b Rellis Campus  |c Joint Library Facility  |d Remote Storage  |t 0  |e PG3321.D4 A17 1951  |h Library of Congress classification  |i unmediated -- volume  |m A14827452623 
998 f f |a PG3321.D4 A17 1951  |t 0  |l Remote Storage